000 00382nam a2200157Ia 4500
008 221030s9999 xx 000 0 und d
020 _a8126501154
041 _aEnglish
082 _a105.23
_bGou
100 _aP. Goudey
245 0 _aUnofficial Guide To Beating Stress
_cby P. Goudey
260 _bIDG Books
_aNew Delhi
_c2000
300 _a520
650 _aGeneral
942 _cBK
999 _c7357
_d7357